| 000 | 01430nam a2200181Ia 4500 | ||
|---|---|---|---|
| 008 | 151202s9999||||xx |||||||||||||| ||und|| | ||
| 082 | _bPNVM-79930 | ||
| 100 | _aभैरप्पा एस्. एल्. /अनु. कुलकर्णी उमा. | ||
| 245 | _aपर्व-महाभारताचा व त्यातील दैवी व्यक्तिरेखांचा वास्तव आणि मानवी दृष्टीकोनातून घेतलेला परामर्ष. | ||
| 260 | _b"मेहता पब्लिशिंग हाऊस,पुणे." | ||
| 260 | _c2014 | ||
| 300 | _a776 | ||
| 600 | _aभैरप्पा एस्. एल्. /अनु. कुलकर्णी उमा. | ||
| 630 | _aपर्व-महाभारताचा व त्यातील दैवी व्यक्तिरेखांचा वास्तव आणि मानवी दृष्टीकोनातून घेतलेला परामर्ष. | ||
| 700 | _aभैरप्पा एस्. एल्. /अनु. कुलकर्णी उमा. | ||
| 730 | _aपर्व-महाभारताचा व त्यातील दैवी व्यक्तिरेखांचा वास्तव आणि मानवी दृष्टीकोनातून घेतलेला परामर्ष. | ||
| 942 | _cBOOK | ||
| 999 |
_c1344539 _d1344536 |
||